[Event "EU-chT U18"]
[Site "Rymanow Zdroj"]
[Date "2017.08.24"]
[Round "7.11"]
[White "Guzik, Kacper"]
[Black "Boudry, William"]
[Result "0-1"]
[WhiteElo "1243"]
[BlackElo "1965"]
[PlyCount "84"]
[EventDate "2017.08.17"]
[EventType "team-swiss"]
[EventRounds "7"]
[EventCountry "POL"]
[SourceTitle "CBM 180 Extra"]
[Source "ChessBase"]
[SourceDate "2017.10.06"]
[SourceVersion "1"]
[SourceVersionDate "2017.10.06"]
[SourceQuality "1"]
[WhiteTeam "Poland U18 V"]
[BlackTeam "Belgium U18"]
[WhiteTeamCountry "POL"]
[BlackTeamCountry "BEL"]

1. e4 d6 2. d4 Nf6 3. Nc3 g6 4. Bd3 Bg7 5. Nge2 e5 6. dxe5 dxe5 7. 0-0 0-0 8. Bg5 c6 9. Qd2 Re8 10. Rad1 Be6 11. Kh1 Nbd7 12. f4 exf4 13. Qxf4 Qb8 14. Qh4 Ng4 15. Nf4 Nge5 16. Nxe6 Rxe6 17. Bc4 Nxc4 18. Rxd7 Qe8 19. Rxb7 Nd6 20. Re7 Rxe7 21. Bxe7 Nc4 22. Bf6 Bxf6 23. Qxf6 Nxb2 24. Nb5 cxb5 25. Qxb2 a6 26. Qb3 Qe6 27. Qxe6 fxe6 28. Kg1 Rc8 29. Rf2 Rc3 30. Re2 Ra3 31. Kf2 Rxa2 32. c4 Rxe2+ 33. Kxe2 bxc4 34. Kd2 Kf7 35. e5 Ke7 36. Kc3 Kd7 37. Kxc4 Kc6 38. h4 a5 39. g4 a4 40. Kb4 Kd5 41. Kxa4 Kxe5 42. Kb4 Kd4 0-1

[Event "EU-chT U18"]
[Site "Rymanow Zdroj"]
[Date "2017.08.17"]
[Round "1.11"]
[White "Guzik, Kacper"]
[Black "Swider, Pawel"]
[Result "0-1"]
[WhiteElo "1243"]
[BlackElo "1918"]
[PlyCount "74"]
[EventDate "2017.08.17"]
[EventType "team-swiss"]
[EventRounds "7"]
[EventCountry "POL"]
[SourceTitle "CBM 180 Extra"]
[Source "ChessBase"]
[SourceDate "2017.10.06"]
[SourceVersion "1"]
[SourceVersionDate "2017.10.06"]
[SourceQuality "1"]
[WhiteTeam "Poland U18 V"]
[BlackTeam "Poland U18 III"]
[WhiteTeamCountry "POL"]
[BlackTeamCountry "POL"]

1. Nf3 Nf6 2. Nc3 d5 3. d4 e6 4. a3 Be7 5. g3 0-0 6. Bg2 b6 7. 0-0 Bb7 8. Bd2 c5 9. e3 Nc6 10. Ne2 Ne4 11. Re1 Rc8 12. Rc1 Ba6 13. c3 Na5 14. Qc2 Bc4 15. Ne5 Bb3 16. Qd3 c4 17. Nxc4 Bxc4 18. Qc2 Nxd2 19. Qxd2 Nb3 20. Qc2 Nxc1 21. Rxc1 Qd7 22. Nf4 Qb5 23. b4 a5 24. a4 Qd7 25. b5 Bd6 26. Nh3 Qe7 27. f4 h6 28. Nf2 f5 29. Qd1 Ba3 30. Rb1 Rc7 31. g4 Ba2 32. Ra1 Rxc3 33. Rxa2 Rc1 34. Qxc1 Bxc1 35. Re2 Qa3 36. Nd1 Qd3 37. Re1 Bd2 0-1

[Event "POL-chT U19 2nd League"]
[Site "Iwonicz"]
[Date "2015.08.01"]
[Round "11.51"]
[White "Oles, Martin"]
[Black "Guzik, Kacper"]
[Result "1-0"]
[WhiteElo "1364"]
[BlackElo "1142"]
[PlyCount "93"]
[EventDate "2015.07.25"]
[EventType "team-swiss"]
[EventRounds "11"]
[EventCountry "POL"]
[SourceTitle "EXT 2019"]
[Source "ChessBase"]
[SourceDate "2018.10.10"]
[SourceVersion "1"]
[SourceVersionDate "2018.10.10"]
[SourceQuality "1"]
[WhiteTeam "Rybnik MKSz U19 II"]
[BlackTeam "Krosno KKSz Urania U19"]
[WhiteTeamCountry "POL"]
[BlackTeamCountry "POL"]

1. d4 d5 2. Nf3 Nf6 3. Bf4 e6 4. e3 Nbd7 5. Bd3 Be7 6. Nbd2 0-0 7. 0-0 a6 8. h3 b5 9. a4 bxa4 10. Rxa4 c5 11. c3 c4 12. Be2 Nb6 13. Ra1 Bd6 14. Bh2 Qc7 15. Re1 Bb7 16. Bxd6 Qxd6 17. Ne5 Nbd7 18. Ndf3 Nxe5 19. Nxe5 Nd7 20. Nxd7 Qxd7 21. Qa4 Qxa4 22. Rxa4 Bc6 23. Ra5 Rfb8 24. Rb1 Rb5 25. Ra3 Rb6 26. b4 Kf8 27. Bd1 Ke7 28. Ba4 Kd6 29. Bxc6 Kxc6 30. Ra5 Rb5 31. Rba1 Rxa5 32. Rxa5 Kb7 33. Kh2 Rc8 34. Kg3 Rc6 35. f3 Rb6 36. e4 Rb5 37. Ra1 Rb6 38. exd5 exd5 39. Re1 Re6 40. Rxe6 fxe6 41. Kf4 Kc7 42. Ke5 Kd7 43. g4 Ke7 44. f4 g6 45. g5 Kd7 46. Kf6 Kc6 47. Kxe6 1-0

[Event "POL-chT U19 2nd League"]
[Site "Szczyrk"]
[Date "2014.08.02"]
[Round "11.64"]
[White "Guzik, Kacper"]
[Black "Kozakiewicz, Gracjan"]
[Result "0-1"]
[WhiteElo "1146"]
[BlackElo "1589"]
[PlyCount "114"]
[EventDate "2014.07.25"]
[EventType "team-swiss"]
[EventRounds "11"]
[EventCountry "POL"]
[SourceTitle "EXT 2015"]
[Source "ChessBase"]
[SourceDate "2014.11.20"]
[SourceVersion "1"]
[SourceVersionDate "2014.11.20"]
[SourceQuality "1"]
[WhiteTeam "Krosno KKSz Urania U19"]
[BlackTeam "Bydgoszcz Hetman U19"]
[WhiteTeamCountry "POL"]
[BlackTeamCountry "POL"]

1. e4 c5 2. Nf3 e6 3. d4 cxd4 4. Nxd4 Nc6 5. Be3 Nf6 6. Nc3 Bb4 7. f3 Bxc3+ 8. bxc3 0-0 9. Be2 e5 10. Nb3 d5 11. Nd2 Qc7 12. 0-0 Na5 13. Bg5 Qxc3 14. Bxf6 gxf6 15. exd5 Qd4+ 16. Kh1 Qxd5 17. Ne4 Qxd1 18. Raxd1 f5 19. Ng3 Be6 20. a3 Rfd8 21. Bd3 f4 22. Ne4 Nc4 23. Ng5 Ne3 24. Nxe6 fxe6 25. h3 Nxf1 26. Rxf1 Rac8 27. Re1 Rc5 28. Rd1 Ra5 29. Bxh7+ Kxh7 30. Rxd8 Kg6 31. Rd7 b6 32. Rd3 Kf5 33. Kg1 Rc5 34. Rd7 Ra5 35. Rd3 e4 36. fxe4+ Kxe4 37. h4 Kf5 38. h5 Kg5 39. Rh3 Kh6 40. Kf2 Rxh5 41. Rxh5+ Kxh5 42. Kf3 Kg5 43. Ke4 Kg4 44. c4 Kg3 45. a4 Kxg2 46. Kxf4 Kf2 47. a5 bxa5 48. c5 a4 49. c6 a3 50. c7 a2 51. c8Q a1Q 52. Qxe6 Qc1+ 53. Ke5 Qc3+ 54. Kd6 a5 55. Qf5+ Ke2 56. Qe4+ Kd2 57. Qa4 Qb4+ 0-1

[Event "POL-chT U19 2nd League"]
[Site "Szczyrk"]
[Date "2014.07.30"]
[Round "8.46"]
[White "Dixa, Oskar"]
[Black "Guzik, Kacper"]
[Result "1/2-1/2"]
[WhiteElo "1496"]
[BlackElo "1146"]
[PlyCount "90"]
[EventDate "2014.07.25"]
[EventType "team-swiss"]
[EventRounds "11"]
[EventCountry "POL"]
[SourceTitle "EXT 2015"]
[Source "ChessBase"]
[SourceDate "2014.11.20"]
[SourceVersion "1"]
[SourceVersionDate "2014.11.20"]
[SourceQuality "1"]
[WhiteTeam "Kalisz KTS U19"]
[BlackTeam "Krosno KKSz Urania U19"]
[WhiteTeamCountry "POL"]
[BlackTeamCountry "POL"]

1. e4 c5 2. Nf3 e6 3. d4 cxd4 4. Nxd4 a6 5. c4 Nf6 6. Bd3 Qc7 7. Nc3 Bb4 8. Bd2 Nc6 9. Nc2 Ba5 10. 0-0 Ne5 11. Bf4 Bxc3 12. bxc3 Qc5 13. Qe2 b6 14. Be3 Qa5 15. a4 Qxc3 16. Ra3 Qa5 17. Rb1 Nxd3 18. Qxd3 Qe5 19. f3 0-0 20. Rxb6 d5 21. cxd5 exd5 22. Bd4 dxe4 23. Bxe5 exd3 24. Rxd3 Bf5 25. Rd2 Bxc2 26. Rxc2 Nd5 27. Rd6 Rfd8 28. Rxd8+ Rxd8 29. Rd2 f6 30. Bb2 Kf7 31. Kf2 Ke6 32. f4 Kf5 33. Kf3 h5 34. h4 Rd7 35. Ba3 Nb6 36. Rxd7 Nxd7 37. a5 Nb8 38. Bb2 Nc6 39. Bc3 Ne7 40. Bb4 Nd5 41. Bd2 g6 42. g3 Ne7 43. Bb4 Nc6 44. Bc3 Ne7 45. Bb4 Nd5 1/2-1/2

[Event "POL-chT U19 2nd League"]
[Site "Szczyrk"]
[Date "2014.07.29"]
[Round "7.76"]
[White "Guzik, Kacper"]
[Black "Setera, Mateusz"]
[Result "1-0"]
[WhiteElo "1146"]
[BlackElo "1309"]
[PlyCount "89"]
[EventDate "2014.07.25"]
[EventType "team-swiss"]
[EventRounds "11"]
[EventCountry "POL"]
[SourceTitle "EXT 2015"]
[Source "ChessBase"]
[SourceDate "2014.11.20"]
[SourceVersion "1"]
[SourceVersionDate "2014.11.20"]
[SourceQuality "1"]
[WhiteTeam "Krosno KKSz Urania U19"]
[BlackTeam "Katowice UKS Palac Mlodziezy U19"]
[WhiteTeamCountry "POL"]
[BlackTeamCountry "POL"]

1. e4 e5 2. Nf3 Nc6 3. d4 exd4 4. Nxd4 Nf6 5. Nc3 Bb4 6. a3 Bxc3+ 7. bxc3 Nxe4 8. Qg4 Nxd4 9. cxd4 Nf6 10. Qxg7 Rg8 11. Qh6 Rg6 12. Qe3+ Qe7 13. Qxe7+ Kxe7 14. Bf4 c6 15. f3 d5 16. Kd2 Bf5 17. Rb1 b6 18. Rb2 h5 19. a4 Nd7 20. Ba6 Rag8 21. Re1+ Re6 22. Rxe6+ Bxe6 23. Bb7 c5 24. c3 c4 25. a5 bxa5 26. Ra2 Kf6 27. Rxa5 Kf5 28. Bd6 Nf6 29. Rxa7 Rd8 30. Bc5 Rb8 31. Bb6 h4 32. Bc7 Re8 33. Bc6 Rc8 34. Ba4 h3 35. Bc2+ Kg5 36. f4+ Kg4 37. gxh3+ Kxh3 38. f5 Rg8 39. fxe6 Rg2+ 40. Ke1 Rxc2 41. exf7 Ne4 42. f8Q Rc1+ 43. Ke2 Rc2+ 44. Kd1 Rd2+ 45. Kc1 1-0